[Event "GER Seniors Derby 08th"]
[Site "Wesel Undeloh"]
[Date "2009.04.16"]
[Round "2.6"]
[White "Dickmann, Hans Peter"]
[Black "Ketzscher, Roland"]
[Result "0-1"]
[WhiteElo "1754"]
[BlackElo "1922"]
[PlyCount "94"]
[EventDate "2009.04.16"]
[EventType "swiss"]
[EventRounds "7"]
[EventCountry "GER"]
[SourceTitle "EXT 2022"]
[Source "ChessBase"]
[SourceDate "2021.10.06"]
[SourceVersion "1"]
[SourceVersionDate "2021.10.06"]
[SourceQuality "1"]

1. d4 Nf6 2. c4 e6 3. Nc3 Bb4 4. a3 Bxc3+ 5. bxc3 c5 6. Qc2 Nc6 7. Nf3 d5 8. e3 0-0 9. Bd3 dxc4 10. Bxc4 b6 11. 0-0 Na5 12. Be2 Bb7 13. Rd1 Qc7 14. dxc5 Qxc5 15. a4 Be4 16. Bd3 Bxd3 17. Rxd3 Nc4 18. Rd4 Rfd8 19. Nd2 Nxd2 20. Qxd2 Qc7 21. f3 e5 22. Rxd8+ Rxd8 23. Qc2 Nd5 24. Bd2 Qc5 25. Qd3 Rd6 26. Qb5 Rc6 27. Qxc5 Rxc5 28. Ra3 f5 29. Kf2 e4 30. f4 Kf7 31. Ke2 Ke6 32. Be1 Rc4 33. Bd2 Nc7 34. Kd1 Kd5 35. Ra1 Ne6 36. Ra3 Nc5 37. a5 b5 38. Ra2 a6 39. Ra3 Ra4 40. Bc1 Nd3 41. Rxa4 bxa4 42. Ba3 Kc4 43. Kd2 Kb3 44. Bf8 g6 45. g3 a3 46. c4 a2 47. Bg7 Nb2 0-1